Geography Quiz

Random Geography or City Quiz
Score 0/20 Timer 08:00
0 Plays Today
Question Answer % Correct
Aberdeen FC play in this stadiumPittodrie
80.6%
Scotland's oldest daily newspaperPress and Journal
68.9%
This Aberdonian singer-songwriter has sold over 80 million records worldwideAnnie Lennox
65.5%
Scotland's largest permanent funfairCodona's Amusement Park
62.2%
Aberdeen FC won the European Cup Winners Cup in 1983, who did they beat in the final?Real Madrid
58.7%
The University of Aberdeen was founded in which century?15th
55.6%
At 480 feet deep, this is the biggest man-made hole in EuropeRubislaw Quarry
53%
Scotland's oldest maze is located in this parkHazlehead Park
50.3%
Scotland's joint top goalscorer of all timeDenis Law
50%
The world's oldest documented transport company still trading today?The Shore Porters Society
44.8%
Question Answer % Correct
This castle is commonly cited as an inspiration for Bram Stoker's 1897 novel DraculaSlains Castle
42.3%
This architect designed the North of Scotland Bank headquarters buildingArchibald Simpson
38.8%
The second largest granite building in the worldMarischal College
37.2%
This english poet was a pupil at Aberdeen Grammar School in the 18th centuryLord Byron
28.4%
Britain's oldest business established in 1136Aberdeen Harbour Board
24.9%
This church houses the largest carillon in BritainKirk of St Nicholas
20.6%
With a span of 130 feet, this is the largest single span granite bridge in the worldUnion Bridge
17.6%
This mathematical physicist was a Professor of Natural Philosophy in Aberdeen from 1856-60James Clerk Maxwell
8.6%
The fastest sailing ship ever builtThermopylae
5.2%
Famous astronomer born in Aberdeen in 1843Sir David Gill
4.9%
Remove Ads.
Support Sporcle.
Get the best of Sporcle when you Go Orange. This ad-free experience offers more features, more stats, and more fun while also helping to support Sporcle. Thank you for becoming a member.

You're not logged in!

Compare scores with friends on all Sporcle quizzes.
OR
Log In

Show Comments

Extras

Top Quizzes Today


Score Distribution

Your Account Isn't Verified!

In order to create a playlist on Sporcle, you need to verify the email address you used during registration. Go to your Sporcle Settings to finish the process.

Report this User

Report this user for behavior that violates our Community Guidelines.

Details: